000 00915nam a2200265Ia 4500
003 OSt
005 20221005103555.0
006 a|||||r|||| 00| 0
007 ta
008 221004b |||||||| |||| 00| 0 hin d
020 _a9789381954713 (hbk)
_c600
024 _a20013
037 _b278, 10/03/2015, Eastern Book Linkers
_cTextual
040 _aCRL
_cCRL
_bhin
041 _2hin
_ahin
082 _aR6, 152Q4
100 _aशर्मा, पवित्र कुमार
245 0 _aभारतीय दर्शन
246 _aBhāratīya darshana
260 _aजयपुर
_bहंसा प्रकाशन भारत
_c2014
300 _a420पृ0
_ccm.
650 _aभारतीय दर्शन
942 _hR6, 152Q4
_cTEXL
_2cc
999 _c1010319
_d1010319